Building secure software :how to avoid security problems the right way / (Record no. 2802)
[ view plain ]
| 000 -LEADER | |
|---|---|
| fixed length control field | 00944nac a22002411u 4500 |
| 010 ## - LIBRARY OF CONGRESS CONTROL NUMBER | |
| LC control number | 2001046055 |
| 020 ## - INTERNATIONAL STANDARD BOOK NUMBER | |
| International Standard Book Number | 020172152X |
| 022 ## - INTERNATIONAL STANDARD SERIAL NUMBER | |
| International Standard Serial Number | 0321425235 |
| 082 00 - DEWEY DECIMAL CLASSIFICATION NUMBER | |
| Classification number | 005.1 |
| Item number | V671 |
| 090 ## - LOCALLY ASSIGNED LC-TYPE CALL NUMBER (OCLC); LOCAL CALL NUMBER (OCLC) | |
| -- | 2802 |
| -- | 2802 |
| 100 ## - MAIN ENTRY--PERSONAL NAME | |
| Personal name | Viega, John. |
| 245 10 - TITLE STATEMENT | |
| Title | Building secure software :how to avoid security problems the right way / |
| Remainder of title | how to avoid security problems the right way / |
| Statement of responsibility, etc | John Viega, Gary McGraw. |
| 260 ## - PUBLICATION, DISTRIBUTION, ETC. (IMPRINT) | |
| Place of publication, distribution, etc | Boston :2002. |
| Name of publisher, distributor, etc | Addison-Wesley, |
| Date of publication, distribution, etc | c2002. |
| 300 ## - PHYSICAL DESCRIPTION | |
| Extent | xxx, 493 p. : |
| Other physical details | ill. ; |
| Dimensions | 24 cm. |
| 440 #0 - | |
| -- | Addison-Wesley professional computing series |
| 504 ## - BIBLIOGRAPHY, ETC. NOTE | |
| Bibliography, etc | Includes bibliographical references and index. |
| 650 #0 - SUBJECT ADDED ENTRY--TOPICAL TERM | |
| Topical term or geographic name as entry element | Computer software |
| General subdivision | Development. |
| 650 #0 - SUBJECT ADDED ENTRY--TOPICAL TERM | |
| Topical term or geographic name as entry element | Computer security. |
| 650 #0 - SUBJECT ADDED ENTRY--TOPICAL TERM | |
| Topical term or geographic name as entry element | System design. |
| 700 1# - ADDED ENTRY--PERSONAL NAME | |
| Personal name | McGraw, Gary, |
| Dates associated with a name | 1966- |
| 942 ## - ADDED ENTRY ELEMENTS (KOHA) | |
| Item type | Book - Borrowing |
| Call number prefix | 005.1V671 |
| Withdrawn status | Item status | Damaged status | Not for loan | Home library | Current library | Shelving location | Date acquired | Source of acquisition | Total Checkouts | Total Renewals | Full call number | Barcode | Date last seen | Date last borrowed | Koha item type |
|---|---|---|---|---|---|---|---|---|---|---|---|---|---|---|---|
| Central Library | Central Library | Lower Floor | 07/03/2006 | Purchase | 1 | 3 | 005.1 VIE | 000001314 | 15/07/2025 | 03/11/2013 | Book - Borrowing |